000 00441nam a2200169Ia 4500
008 230711s9999||||xx |||||||||||||| ||und||
020 _a0-19-569334-5
041 _aENG
082 _a621.317
_bBH-P
100 _aBhanot,Surekha
245 0 _aProcess control : Principles and applications
250 _a12th Ed.
260 _c2015
_aNew Delhi
_bOxford University Press
300 _a452p.
650 _aElectrical Engineering
942 _cBK
999 _c6263
_d6263